| 000 | 00880cab a2200217 4500 | ||
|---|---|---|---|
| 001 | WB3510-64 | ||
| 008 | 090401t1999 xxu||||| |||| 00| 0 eng d | ||
| 035 | _a(Sirsi) u91995 | ||
| 041 | _aeng | ||
| 245 | _aLevy raises concern over competitiveness | ||
| 260 | _c1999 | ||
| 350 | _a0 | ||
| 490 |
_aFinancial Times _v10 March 1999, 3(1) |
||
| 520 | _aThe government announced an energy tax on businesses in the Budget. It is expected to raise at least £1.75bn in its first full year, from April 2001. This will be fully offset through cuts in employer's national insurance contributions from 12.2% to 11.7%. The levy will be paid by energy suppliers who will pass it on to industrial and commercial customers. | ||
| 650 | _aBUDGET 1999 | ||
| 650 | _aENERGY TAX | ||
| 650 | _aNATIONAL INSURANCE CONTRIBUTIONS | ||
| 690 | _aTAXATION | ||
| 942 | _n0 | ||
| 948 | _c11/03/1999 | ||
| 999 |
_c58336 _d58336 |
||